| 000 | 00528nam a2200217 454500 | ||
|---|---|---|---|
| 001 | 037642 | ||
| 003 | BD-ChCU | ||
| 008 | Eng | ||
| 020 | _a0045660018 | ||
| 040 |
_aDLC _cDLC _dBD-ChCU |
||
| 082 | 0 | 0 | _a566/B478v |
| 100 | 1 |
_aBenton, Michael J. _bx |
|
| 245 | 1 | 0 |
_aVertebrate palaeontology _bBiology and evelution |
| 250 | _ax | ||
| 260 |
_aLondon ; Boston _bUnwin Hyman _c1990 |
||
| 300 | _axii,377 | ||
| 504 | _aIndexes | ||
| 650 | 0 |
_aVertebrates, Fossil _bVertebrates, Fossil |
|
| 700 | 1 | _ax | |
| 942 |
_2ddc _cBK |
||
| 999 |
_c37642 _d37642 |
||